| 000 | 02196nam a2200337 i 4500 | ||
|---|---|---|---|
| 001 | 183040 | ||
| 003 | ES-MaACL | ||
| 005 | 20250809180109.0 | ||
| 008 | 140114s2010 sp a |||| | spa d | ||
| 017 |
_aM 30879-2010 _bOficina Depósito Legal Madrid |
||
| 020 | _a978-84-451-3320-0 | ||
| 080 | _a94(460)"1833/40"(060.64) | ||
| 080 | _a725.945(460.27 M.)(060.64) | ||
| 245 | 0 | 3 |
_aLa cápsula del tiempo : _bdel absolutismo al liberalismo en los cimientos de Cervantes : 7 julio-15 septiembre 2010, Real Casa de Correos, sede de la Presidencia de la Comunidad de Madrid |
| 260 |
_a[Madrid] : _bComunidad de Madrid, Dirección General del Patrimonio Histórico, _c[2010] |
||
| 300 |
_a93 páginas : _bilustraciones (color) ; _c22 cm _e |
||
| 520 | _aCatálogo de la exposición "La cápsula del tiempo: del absolutismo al liberalismo en los cimientos de Cervantes", celebrada en la Real Casa de Correos, del 27 de julio y el 15 de septiembre de 2010. Recoge el descubrimiento de la "cápsula del tiempo", encontrada a finales de 2009 bajo la base original de la estatua de Cervantes situada en la plaza de las Cortes, así como los trabajos de conservación y restauración llevados a cabo. La caja, fechada en 1834, incluía diferentes objetos de la época que dan testimonio del momento político y social que atravesaba España | ||
| 530 | _aDisponible en formato digital | ||
| 600 | 1 | 4 |
_aCervantes Saavedra, Miguel de, _d1547-1616- _xMonumentos _9172577 |
| 650 | 4 |
_aMonumentos- _zMadrid _915181 |
|
| 651 | 4 |
_aEspaña- _xHistoria- _z1833-1840, Regencia de María Cristina de Borbón _98252 |
|
| 655 | 7 |
_aCatálogos de exposiciones _2tgfbne _9193628 |
|
| 710 | 2 |
_aReal Casa de Correos (Madrid) _ehis _9143117 |
|
| 710 | 1 |
_aMadrid (Comunidad Autónoma). _bDirección General de Patrimonio Histórico _eedt _9161737 |
|
| 852 | 4 |
_aES-MaACL _bR.149765 _cDEPO1 _dOlim: N-5984 _hDonación Real Academia Española _jA-12984 _9189973 |
|
| 856 |
_uhttps://gestiona3.madrid.org/bvirtual/BVCM010610.pdf _yVersión en línea _z(PublicaMadrid) |
||
| 914 |
_96336 _aReal Academia Española _ednr |
||
| 942 |
_2udc _cMONOGRAFIA _n0 |
||
| 999 |
_c183040 _d183040 |
||